| 000 | 00469nam a22001817a 4500 | ||
|---|---|---|---|
| 005 | 20251108171849.0 | ||
| 008 | 250721s9999 xx 000 0 ara d | ||
| 082 | 1 | 4 | _aط/599/روب |
| 100 | 1 | _aروبن، ماري | |
| 245 | 1 | 0 | _aالنمر / |
| 264 | 1 |
_aميلانو : _bميدليفانت، _c[19-]. |
|
| 300 | _a24ص : مص | ||
| 490 | 0 | _aزدني قرباً | |
| 650 | 1 | 7 | _aالنمور |
| 650 | 1 | 7 | _aالحيوانات |
| 942 |
_2ddc _cBK |
||
| 999 |
_c64558 _d64558 |
||